000 01009cam a22002777a 4500
005 20230607094734.0
008 971010s r 00010 d
010 _a63665
011 _a64637
035 _a70566
090 _aR-72
100 0 0 _aSchulze, E. D.
_9103237
245 0 _aCarbon dioxide and water vapor exchange in response to drought in the atmosphere and in the soil
500 _aSobretiro de: Annual Review Plant Physiol. 37 : 247 - 274, 1986.
590 _aBATCH-UPD
_b10
_c20130110
_lUCH01
_h0022
590 _aBATCH-UPD
_b10
_c20130110
_lUCH01
_h1228
590 _aBATCH-UPD
_b10
_c20130409
_lUCH01
_h2002
590 _aBATCH-UPD
_b10
_c20130410
_lUCH01
_h0800
590 _aBATCH-UPD
_b10
_c20130914
_lUCH01
_h0638
590 _aCONVERSION
_b10
_c20130109
_lUCH01
_h1334
650 1 7 _aDióxido de carbono
_xEfecto en plantas
_2
_912848
650 1 4 _aEvaporación
_xEfecto en plantas.
_938965
650 1 4 _aSuelos y clima.
_9110569
901 _aBK
949 _aR-72
_bZA
_cLIBRO
_d-2929
_eTS1
_i70566
_si
999 _c63665
_d63665